MENCARI JALAN PULANG / (Record no. 202180)

MARC details
000 -LEADER
fixed length control field 00825nam a2200241 i 4500
005 - DATE AND TIME OF LATEST TRANSACTION
control field 20251215130848.0
008 - FIXED-LENGTH DATA ELEMENTS--GENERAL INFORMATION
fixed length control field 251215s2025 my gr 000 fdmay d
020 ## - INTERNATIONAL STANDARD BOOK NUMBER
International Standard Book Number 9786297760490
Terms of availability RM45.00
Qualifying information paperback
040 00 - CATALOGING SOURCE
Original cataloging agency PPAK
Language of cataloging eng
Transcribing agency PPAK
Description conventions rda
082 04 - DEWEY DECIMAL CLASSIFICATION NUMBER
Edition number 23
Classification number 899.2333
090 00 - LOCALLY ASSIGNED LC-TYPE CALL NUMBER (OCLC); LOCAL CALL NUMBER (RLIN)
Classification number (OCLC) (R) ; Classification number, CALL (RLIN) (NR) 899.2333
Feature heading AHM
Feature heading G
100 0# - MAIN ENTRY--PERSONAL NAME
Personal name Ahmad Safar Arman,
Fuller form of name (Ahmad Safarman Dollah),
Relator term author.
245 10 - TITLE STATEMENT
Title MENCARI JALAN PULANG /
Statement of responsibility, etc. AHMAD SAFAR ARMAN ; Editor: Nur Ain Zolkefli
264 #1 - PRODUCTION, PUBLICATION, DISTRIBUTION, MANUFACTURE, AND COPYRIGHT NOTICE
Place of production, publication, distribution, manufacture Kuala Lumpur :
Name of producer, publisher, distributor, manufacturer PERSATUAN PENULIS NASIONAL MALAYSIA (PENA),
Date of production, publication, distribution, manufacture, or copyright notice 2025
300 ## - PHYSICAL DESCRIPTION
Extent 350 pages ;
Dimensions 19 cm
336 ## - CONTENT TYPE
Content type term text
Source rdacontent
337 ## - MEDIA TYPE
Media type term unmediated
Source rdamedia
338 ## - CARRIER TYPE
Carrier type term volume
Source rdacarrier
650 10 - SUBJECT ADDED ENTRY--TOPICAL TERM
Topical term or geographic name entry element Malay fiction
Topical term or geographic name entry element Malaysian fiction (Malay)
700 0# - ADDED ENTRY--PERSONAL NAME
Personal name Nur Ain Zolkefli,
Relator term editor.
942 ## - ADDED ENTRY ELEMENTS (KOHA)
Source of classification or shelving scheme Dewey Decimal Classification
Koha item type Book
Holdings
Withdrawn Not for loan Current library Shelving location Date acquired Total Checkouts Full call number Barcode Date last seen Koha item type
    Perpustakaan Alor Setar Pinjaman Dewasa 16/12/2025   899.2333 AHM A01883907 16/12/2025 Book
    Perpustakaan Awam Sungai Petani Pinjaman Dewasa 16/12/2025   899.2333 AHM A01883908 16/12/2025 Book
    Perpustakaan Baling Pinjaman Dewasa 16/12/2025   899.2333 AHM A01883912 16/12/2025 Book
    Perpustakaan Bandar Baharu Pinjaman Dewasa 16/12/2025   899.2333 AHM A01883913 16/12/2025 Book
    Perpustakaan Jitra Pinjaman Dewasa 16/12/2025   899.2333 AHM A01883909 16/12/2025 Book
    Perpustakaan Kuala Nerang Pinjaman Dewasa 16/12/2025   899.2333 AHM A01883917 16/12/2025 Book
    Perpustakaan Kulim Pinjaman Dewasa 16/12/2025   899.2333 AHM A01883911 16/12/2025 Book
    Perpustakaan Langkawi Pinjaman Dewasa 16/12/2025   899.2333 AHM A01883910 16/12/2025 Book
    Perpustakaan Merbok Pinjaman Dewasa 16/12/2025   899.2333 AHM A01883914 16/12/2025 Book
    Perpustakaan Pendang Pinjaman Dewasa 16/12/2025   899.2333 AHM A01883918 16/12/2025 Book
    Perpustakaan Sik Pinjaman Dewasa 16/12/2025   899.2333 AHM A01883916 16/12/2025 Book
    Perpustakaan Yan Pinjaman Dewasa 16/12/2025   899.2333 AHM A01883915 16/12/2025 Book